| 000 | 00441nam a2200181Ia 4500 | ||
|---|---|---|---|
| 003 | OSt | ||
| 005 | 20220720105237.0 | ||
| 008 | 210210b1893 xxu||||| |||| 00| 0 eng d | ||
| 040 | _cAL | ||
| 041 | _aeng | ||
| 082 | _a515/81 | ||
| 100 |
_aLACHLAN (R) _951672 |
||
| 245 | _aElementary treatise on modern pure geometry | ||
| 260 |
_aLondon _bMacmillan & Co. Ltd. _c1893 |
||
| 690 |
_aGeometry _951673 |
||
| 906 | _a007645 | ||
| 942 |
_2ddc _cBK |
||
| 999 |
_c140184 _d140184 |
||